00429nam a2200169Ia 450000500170000000800410001702000120005804000190007004100120008908200210010110000200012224500430014226000220018530000110020765000310021885000100024920230321102733.0131103s9999 xx 000 0 und d cRs.2.50 aLoreto College aEnglish a891.441bDUT-DAS aDas, Sisirkumar aModhusudaner kobimanoscSisirkumar Das aKolkatabBookland a114p.  aBengali poetry - Criticism aLCLIB